Nadväznosť vzdelávania a odbornej prípravy na potreby trhu práce
Zvyšovanie kvalifikácie a výkon pracovných úloh. Potreba zvyšovania kvalifikácie a odstránenie nesúladu v oblasti kvalifikovanej pracovnej sily na trhu práce. Prepojenie požiadaviek praxe s pracovnými miestami budúcnosti.
Uložené v:
| Hlavný autor: | |
|---|---|
| Ďalší autori: | , |
| Médium: | Kapitola |
| Jazyk: | Slovak |
| Predmet: | |
| Tagy: |
Žiadne tagy, Buďte prvý, kto otaguje tento záznam!
|
MARC
| LEADER | 00000nla$a2200000$$$4500 | ||
|---|---|---|---|
| 001 | 0143695 | ||
| 005 | 20240502072557.6 | ||
| 041 | 0 | |a slo | |
| 044 | |a SK | ||
| 245 | 1 | 0 | |a Nadväznosť vzdelávania a odbornej prípravy na potreby trhu práce |c Daniela Diheneščíková, Edita Milčevičová, Viktória Šušňáková |
| 520 | |a Zvyšovanie kvalifikácie a výkon pracovných úloh. Potreba zvyšovania kvalifikácie a odstránenie nesúladu v oblasti kvalifikovanej pracovnej sily na trhu práce. Prepojenie požiadaviek praxe s pracovnými miestami budúcnosti. | ||
| 610 | 2 | 0 | |a vzdelávanie |
| 610 | 2 | 0 | |a vzdelávanie ďalšie |
| 610 | 2 | 0 | |a zvyšovanie kvalifikácie |
| 610 | 2 | 0 | |a absolventi |
| 610 | 2 | 0 | |a školenie odborné |
| 610 | 2 | 0 | |a rozvoj pracovníkov |
| 610 | 2 | 0 | |a príprava odborná |
| 610 | 2 | 0 | |a škola a prax |
| 610 | 2 | 0 | |a trh práce |
| 100 | 1 | |a Diheneščiková, Daniela | |
| 700 | 1 | |a Milčevičová, Edita | |
| 700 | 1 | |a Šušňáková, Viktória | |